000 00929nam a2200265 a 4500
001 000045886
003 DO-SdBNP
005 20211022141717.0
007 ta
008 150526s2015 dr 000 0 spa d
020 _a9789945082067
040 _aDO-SdBNP
_bspa
_cBNPHU
082 4 _a230.20924
_bF457p
_222
100 1 _aFigueroa Encarnación, Honécimo,
_d1964-
_942996
245 1 3 _aEl problema del mal en Santo Tomás de Aquino /
_cHonécimo Figueroa Encarnación.
260 _aSanto Domingo :
_bAmigo del Hogar,
_c2015.
300 _a[40] ;
_c27 cm.
500 _aIncluye datos biográficos del autor en la contracubierta
500 _aIncluye reeferencias bibliográficas y notas a pie de las páginas
504 _aBibliografía : p. 39
590 _aInventariado, 2018/BT
600 1 0 _aTomás de Aquino,
_cSanto,
_d1225-1274
_xFilosofía
_973956
910 _aValidado. Control de calidad. MFF
942 _2ddc
_cLF2
999 _c45375
_d45375